Podporné obvody biopotenciálových zosilňovačov

Saved in:
Bibliographic Details
Main Author: Sládeček, Lukáš, 1987- (Author)
Other Authors: Púčik, Jozef, 1972- (Thesis advisor)
Format: Manuscript Book
Language:Slovak
Published: Bratislava : STU v Bratislave FEI, 2010
Subjects:
Online Access:VAIS
Tags: Add Tag
No Tags, Be the first to tag this record!

MARC

LEADER 00000ntm a22000003a 4500
001 stu209453
005 20150617230104.0
008 100818s2010------------------------slo-d
040 |a STU  |b slo 
041 0 |a slo 
100 1 |a Sládeček, Lukáš,  |d 1987-  |4 aut  |u E  |T FEI Fakulta elektrotechniky a informatiky  |X 35717  |U E  |Y 30  |7 A000035717 
242 0 0 |a Auxiliary circuits for biopotential amplifiers  |y eng 
245 1 |a Podporné obvody biopotenciálových zosilňovačov  
260 |a Bratislava :  |b STU v Bratislave FEI,  |c 2010 
300 |a 46 s 
650 7 |a elektronika  |2 stusub 
650 7 |a stabilita  |2 stusub 
650 7 |a bioelektrina  |2 stusub 
650 7 |a potenciometre  |2 stusub 
700 1 |a Púčik, Jozef,  |d 1972-  |4 ths  |u E030  |U FEI Fakulta elektrotechniky a informatiky  |T FEI Ústav elektroniky a fotoniky  |X 1922  |U E030  |Y 549  |7 A000001922 
856 4 |a info a plný text  |u http://is.stuba.sk/zp/portal_zp.pl?podrobnosti=60767  |3 VAIS